| 000 | 00842nam a2200217 a 4500 | ||
|---|---|---|---|
| 005 | 20240925063723.0 | ||
| 008 | 991125s1988 mx 000 0 spa u | ||
| 020 | _a9688404440 | ||
| 035 | _aUPN01000013066 | ||
| 049 | _aCG | ||
| 050 | 4 |
_aLE7.2931 M265 _bU22.2g |
|
| 110 | 2 |
_aUniversidad Autónoma Metropolitana (México). _bUnidad Xochimilco _919993 |
|
| 245 | 1 | 0 |
_aCurrículum, maestro y conocimiento / _cUniversidad Autónoma Metropolitana, Xochimilco ; colab. Rosa María Torres ... [et al.]. |
| 260 |
_aMéxico : _bUAM-Xochimilco, _c1988. |
||
| 300 | _a62 p. | ||
| 440 | 0 |
_aTemas universitarios ; _v12 |
|
| 610 | 2 | 4 |
_aUNIVERSIDAD AUTONOMA METROPOLITANA (MEXICO). _bUNIDAD XOCHIMILCO - _vPLANES Y PROGRAMAS _917967 |
| 650 | 4 |
_aMaestros universitarios _9894 |
|
| 700 | 1 |
_aTorres del Castillo, Rosa María, _ecolab. _935287 |
|
| 905 | _aLibro | ||
| 999 |
_c13066 _d13066 |
||